000 01078nam a22003257a 4500
003 CHAP
005 20220329135000.0
008 971013s1975 r 00010 d
010 _a29036
011 _a30008
035 _a34119
040 _cCHAP
090 _aFolleto 7740
100 0 0 _aMcIntyre, D. S.
_973611
245 _aProperties of the soils of some Canberra sports fields and of materials used for ovals and bowling greens
260 _a(s.l.) :
_bCommonwealth Scientific and Melbourne. Division of Soils,
_c1975
300 _a29 p.
_b; gráfs
490 _aDivisional report
_v; 4
590 _aBATCH-UPD
_b10
_c20130110
_lUCH01
_h1526
590 _aBATCH-UPD
_b10
_c20130410
_lUCH01
_h0936
590 _aBATCH-UPD
_b10
_c20130914
_lUCH01
_h1832
590 _aCONVERSION
_b10
_c20130109
_lUCH01
_h1317
650 1 4 _aSuelos
_xAustralia.
_9110211
650 1 4 _aSuelos
_xFísica de.
_9110373
700 0 _aWatson, C. L.
_9121191
830 0 _aDivisional report
_v; 4
_933024
901 _aBK
942 _cFOLL
949 _aFolleto 7740
_bBC
_cFOLL
_d-79115
_eTS1
_i34119
_si
999 _c29036
_d29036